Ética : 4
Salvato in:
| Autore principale: | |
|---|---|
| Natura: | Libro |
| Lingua: | spagnolo |
| Pubblicazione: |
Madrid [etc.] :
McGraw-Hill,
1999
|
| Catalogo: | MANES: Risultati della ricerca del catalogo della biblioteca |
| Libro di testo Classificazione: |
|
| Serie: | ESO : Educación Secundaria Obligatoria (McGraw-Hill)
|
| Soggetti: | |
| Tags: |
Aggiungi Tag
Nessun Tag, puoi essere il primo ad aggiungerne!!
|
| Aggiunto a: | 2003-02-24 |
| Cambiato in: | 2025-05-07 |
MARC
| LEADER | 00000cam a2200000 i 4500 | ||
|---|---|---|---|
| 005 | 20250507134542.0 | ||
| 008 | 030225s1999 espao fp 000 0 spa d | ||
| 020 | |a 8448121333 | ||
| 040 | |a uned |b spa |c entro-manes | ||
| 100 | 1 | |a Abad Pascual, Juan José . |9 40377 | |
| 245 | 1 | 0 | |a Ética : |b 4 / |c Juan José Abad Pascual ; revisión técnica, Luis A. Allende Álvarez, Jesús G. de Pablos Velasco |
| 260 | |a Madrid [etc.] : |b McGraw-Hill, |c 1999 | ||
| 300 | |a 217 p. : |b il. | ||
| 490 | 1 | |a ESO : Educación Secundaria Obligatoria | |
| 546 | |a España | ||
| 561 | |5 es-BUNED |3 L.T.M. 2134 |a España. Fondo Manes UNED |k MANES | ||
| 650 | 7 | |a Educación ética |9 36093 | |
| 830 | 0 | |a ESO : Educación Secundaria Obligatoria (McGraw-Hill) |9 40378 | |
| 942 | |2 ddc |c BK | ||
| 999 | |c 97080 |d 97080 | ||
| 999 | |c manes:97080 |d 97080 | ||